000 00642nam a2200205 a 4500
003 OSt
005 20240226100216.0
008 180309t2017 pk | |||| 000 0 urd d
020 _a9699988189
040 _c0
082 _a001.4
_bGIY 2017
100 1 _aگيان چند
_9121290
245 1 0 _aتحقيق کافن:
_bاضافہ شدہ ايڈيشن
246 _aTehqeeq Ka Fun:
_bIzafa Shuda Edition
260 _aLahore:
_bPeace Pub;
_c2017.
300 _a650 p.
650 _aResearch Methodology
_99883
942 _2ddc
_cBK
_aSADA
_k001.4 GIY 2017
999 _c608133
_d608133